[Event "Groningen Harmonie Mini op-C"]
[Site "Groningen"]
[Date "2002.12.??"]
[Round "4.3"]
[White "Koekoek, J."]
[Black "Spanjersberg, Hans"]
[Result "1-0"]
[WhiteElo "1639"]
[BlackElo "1641"]
[PlyCount "95"]
[EventDate "2002.12.26"]
[EventType "swiss"]
[EventRounds "5"]
[EventCountry "NED"]
[SourceTitle "EXT 2004"]
[Source "ChessBase"]
[SourceDate "2003.11.25"]
[SourceVersion "1"]
[SourceVersionDate "2003.11.25"]
[SourceQuality "1"]

1. c4 e6 2. g3 f5 3. Bg2 Nf6 4. Nf3 b6 5. d4 Bb7 6. Nc3 Bb4 7. 0-0 Bxc3 8. bxc3 Be4 9. Bg5 0-0 10. Nd2 Bxg2 11. Kxg2 d6 12. e4 h6 13. Bxf6 Qxf6 14. f4 Nd7 15. e5 dxe5 16. fxe5 Qe7 17. Nf3 g5 18. Qd2 Rad8 19. Rae1 Kg7 20. d5 Nc5 21. Nd4 Kg6 22. Nc6 Qd7 23. Nxd8 Rxd8 24. Rd1 Qe8 25. Qc2 h5 26. dxe6 Qc6+ 27. Kg1 Rxd1 28. Qxf5+ Kh6 29. Rxd1 Qxe6 30. Qxe6+ Nxe6 31. Kf2 Kg6 32. Kf3 Kf5 33. Rd4 g4+ 34. Ke3 Kg6 35. Rd7 Kf5 36. Rd5 Kg6 37. Rd7 Kf5 38. Rh7 Kg6 39. Re7 Kf5 40. Rxe6 Kxe6 41. Ke4 c6 42. a3 a6 43. a4 b5 44. cxb5 cxb5 45. axb5 axb5 46. Kf4 Ke7 47. Kf5 Kf7 48. e6+ 1-0